Vista normal
Vista MARC
Entrada Personal Name
Número de registros utilizados en: 1
001 - CONTROL NUMBER
- control field: 17080
003 - CONTROL NUMBER IDENTIFIER
- control field: DLC
005 - DATE AND TIME OF LATEST TRANSACTION
- control field: 20250516105238.0
008 - FIXED-LENGTH DATA ELEMENTS
- fixed length control field: 070829n| azannaabn |a aaa c
010 ## - LIBRARY OF CONGRESS CONTROL NUMBER
- LC control number: no2007100037
035 ## - SYSTEM CONTROL NUMBER
- System control number: (CaEvSKY)skya8226638
035 ## - SYSTEM CONTROL NUMBER
- System control number: (OCoLC)oca07507651
040 ## - CATALOGING SOURCE
- Original cataloging agency: MX-StUAC
- Language of cataloging: spa
- Description conventions: rda
- Transcribing agency: Mx-PuUPA
- Modifying agency: MX-StUAC
- Modifying agency: MX-SlUA
- Modifying agency: OCoLC
- Modifying agency: Mx-PuUPA
100 1# - HEADING--PERSONAL NAME
- Personal name: Portellano, José Antonio,
372 ## - FIELD OF ACTIVITY
- Field of activity: Neuropsicología
- Source of term: lcsh
373 ## - ASSOCIATED GROUP
- Associated group: Universidad Complutense de Madrid
- Source of term: naf
374 ## - OCCUPATION
- Occupation: Neuropsicólogo
- Occupation: Profesore universitario
- Occupation: Autor
- Source of term: lcsh
375 ## - GENDER
- Gender: hombre
- Source of term: lcdgt
377 ## - ASSOCIATED LANGUAGE
- Language code: spa
400 1# - SEE FROM TRACING--PERSONAL NAME
- Personal name: Portellano Pérez, José Antonio
400 1# - SEE FROM TRACING--PERSONAL NAME
- Personal name: Pérez, José Antonio Portellano
670 ## - SOURCE DATA FOUND
- Source citation: Introducción a la neuropsicología, 2005:
- Information found: title page (José Antonio Portellano) front flap (José Antonio Portellano Pérez; Universidad Complutense de Madrid; Neuropsychologist; College teacher)